<?xml version="1.0" encoding="UTF-8"?><?xml-stylesheet type="text/xsl" href="static/style.xsl"?><OAI-PMH xmlns="http://www.openarchives.org/OAI/2.0/" xmlns:xsi="http://www.w3.org/2001/XMLSchema-instance" xsi:schemaLocation="http://www.openarchives.org/OAI/2.0/ http://www.openarchives.org/OAI/2.0/OAI-PMH.xsd"><responseDate>2026-06-01T10:16:53Z</responseDate><request verb="GetRecord" identifier="oai:riuma.uma.es:10630/31386" metadataPrefix="marc">https://riuma.uma.es/rest/oai/request</request><GetRecord><record><header><identifier>oai:riuma.uma.es:10630/31386</identifier><datestamp>2026-02-03T11:36:02Z</datestamp><setSpec>com_10630_2254</setSpec><setSpec>col_10630_37953</setSpec></header><metadata><record xmlns="http://www.loc.gov/MARC21/slim" xmlns:dcterms="http://purl.org/dc/terms/" xmlns:doc="http://www.lyncode.com/xoai" xmlns:xsi="http://www.w3.org/2001/XMLSchema-instance" xsi:schemaLocation="http://www.loc.gov/MARC21/slim http://www.loc.gov/standards/marcxml/schema/MARC21slim.xsd">
   <leader>00925njm 22002777a 4500</leader>
   <datafield ind2=" " ind1=" " tag="042">
      <subfield code="a">dc</subfield>
   </datafield>
   <datafield ind2=" " ind1=" " tag="720">
      <subfield code="a">Martín-Ruiz, Isaías</subfield>
      <subfield code="e">author</subfield>
   </datafield>
   <datafield ind2=" " ind1=" " tag="720">
      <subfield code="a">García-Pérez, Cristina</subfield>
      <subfield code="e">author</subfield>
   </datafield>
   <datafield ind2=" " ind1=" " tag="720">
      <subfield code="a">Herrera-Gallego, Ana</subfield>
      <subfield code="e">author</subfield>
   </datafield>
   <datafield ind2=" " ind1=" " tag="260">
      <subfield code="c">2024</subfield>
   </datafield>
   <datafield ind2=" " ind1=" " tag="520">
      <subfield code="a">Los problemas de salud mental en la adolescencia son uno de los mayores desafíos de la sociedad moderna y, en concreto, la ansiedad. El objetivo de este estudio es analizar la  relación  y  la  comparación  de  los  problemas  emocionales  de  ansiedad  y  algunos  recursos  personales  como  la  autoestima  y  la  conciencia  de  los  problemas  según  el  sexo  de  las  y  los  adolescentes.  La  muestra  está  compuesta  por  445  adolescentes  de  entre  12  y  17  años,  de  los  cuales  230  son  hombres  y  215  mujeres.  Los  y  las  estudiantes forman parte de tres centros educativos situados en la capital y uno en la provincia de Málaga. Este estudio pertenece a la investigación básica y se ha realizado mediante  diseño  descriptivo,  correlacional  y  observacional.  Se  ha  utilizado  el  test  SENA. Los resultados indican que las mujeres presenta niveles mayores de ansiedad que los hombres. Los recursos personales se encuentran directamente relacionados con la ansiedad, ya que el grupo de mujeres presenta niveles altos en conciencia de los  problemas,  mientras  que  el  grupo  de  los  hombres  presenta  puntuaciones  más  elevadas en autoestima, por lo que presentan mejores mecanismos de protección y por tanto disminuyen sus problemas emocionales, a diferencia de lo que ocurre con las mujeres.</subfield>
   </datafield>
   <datafield ind1="8" ind2=" " tag="024">
      <subfield code="a">Martín -Ruiz, I. ., García-Pérez, C. ., &amp; Herrera-Gallego, A. . (2024). Ansiedad y recursos personales en la adolescencia: diferencias según sexo. European Journal of Education and Psychology, 17(1), 1–14. https://doi.org/10.32457/ejep.v17i1.2406</subfield>
   </datafield>
   <datafield ind1="8" ind2=" " tag="024">
      <subfield code="a">https://hdl.handle.net/10630/31386</subfield>
   </datafield>
   <datafield ind1="8" ind2=" " tag="024">
      <subfield code="a">10.32457/ejep.v17i1.2406</subfield>
   </datafield>
   <datafield tag="653" ind2=" " ind1=" ">
      <subfield code="a">Adolescentes - Salud mental</subfield>
   </datafield>
   <datafield tag="653" ind2=" " ind1=" ">
      <subfield code="a">Ansiedad</subfield>
   </datafield>
   <datafield tag="653" ind2=" " ind1=" ">
      <subfield code="a">Adolescentes</subfield>
   </datafield>
   <datafield ind2="0" ind1="0" tag="245">
      <subfield code="a">Ansiedad y recursos personales en la adolescencia: diferencias según sexo.</subfield>
   </datafield>
</record>
</metadata></record></GetRecord></OAI-PMH>